000 00611nam a2200241Ia 4500
001 20837
005 20240114000533.0
007 ta
008 060227s1909 g b000 u 465 u
040 _aCotton College,Assam
041 _a465
082 _a821.53
_bP 81 P
100 _aPope, Alexander .
245 0 _aThe Iliad of Homer /
_cAlexander Pope.
_hTextual Documents
250 _a1st ed. /
260 _aLondon :
_bG Bell & Sons ,
_c1909.
300 _a459p. ;
_c17cm.
653 _aEnglish poetry
653 _aG-English
942 _2ddc
_cBK
999 _c20819
_d20819